MDQL
is popping MORE tags! Check the
thread
!
Quizzes
Events
Quiz Creation
Community
Videos
Private Events
Remove Ads
Sign In
Join for FREE
Feedback
Dark Mode
Quiz Categories
Sports
Geography
Music
Movies
Television
Just For Fun
Miscellaneous
History
Literature
Language
Science
Gaming
Entertainment
Religion
Holiday
For Kids
Quiz Lab
Recent
Popular Today
Quiz Kudos Today
Editor Picks
Curator Picks
Quizzes by...
Day
Popularity
Type
Ratings
Length
Year
Community
Subscriptions
Recent Discussions
Orange Saloon
Badges
Playlists
Quests
Create
Leaderboards
Showdown
Live 5
Trivia Bingo
Activity
Puzzle Library
Sporcle Events
Private Events
Virtual Trivia
Globe League
Become a Host
Pub Owners
SporcleCon
Opinionation
Our Games
Videos
Blog
Mobile Apps
Partnerships
Remove Ads and Go Orange
Feedback
Sports
Athletes
MLB
NBA
NHL
NFL
Soccer
Sports Teams
WWE
NCAA
Football
Premier League
Basketball
Baseball
Hockey
Golf
Tennis
Cricket
Rugby
Auto Racing
Olympics
World Cup
Sports
Athletes
MLB
NBA
NHL
NFL
Soccer
Sports Teams
WWE
NCAA
Football
Premier League
Basketball
Baseball
Hockey
Golf
Tennis
Cricket
Rugby
Auto Racing
Olympics
World Cup
Random Quiz
Search Sporcle
×
Quiz Lab
Quiz Lab
Sports
Type in answers that appear in a list
Type in answers that appear in a list
Classic
Best Score? Go Orange.
MLB Top 5 Wins Leaders for Each Team Stats
Can you name the MLB Top 5 Wins Leaders for Each Team
By
TeresaaBabyyy92
20m
150 Questions
243 Plays
243 Plays
243 Plays
Comments
Comments
Give Quiz Kudos
Give Quiz Kudos
-
- Ratings
hide this ad
Replay
Link that replays current quiz
Next Quiz
Link to next quiz in quiz playlist
You Got
0%
They Got
Avg Score
48%
Avg Friend Score
Upgrade to see
Score Distribution
Jump to the score distribution portion of the page
Score
0/150
Timer
20:00
0
Plays Today
Team
Player
% Correct
Arizona Diamondbacks
Randy Johnson
98.8%
Minnesota Twins
Walter Johnson
98.8%
Seattle Mariners
Randy Johnson
98.8%
Miami Marlins
Josh Johnson
98.4%
Atlanta Braves
Tom Glavine
92.6%
Boston Red Sox
Roger Clemens
91.4%
Arizona Diamondbacks
Curt Schilling
90.1%
Boston Red Sox
Cy Young
89.7%
New York Yankees
Whitey Ford
88.5%
Atlanta Braves
John Smoltz
87.7%
Baltimore Orioles
Jim Palmer
86.8%
New York Mets
Tom Seaver
86%
St. Louis Cardinals
Bob Gibson
84%
Los Angeles Angels
Nolan Ryan
83.5%
Atlanta Braves
Warren Spahn
83.1%
Washington Nationals
Dennis Martinez
82.7%
Philadelphia Phillies
Steve Carlton
81.5%
Baltimore Orioles
Mike Mussina
80.2%
Atlanta Braves
Phil Niekro
79.8%
Houston Astros
Joe Niekro
79.8%
Los Angeles Dodgers
Don Drysdale
79.8%
Chicago Cubs
Mordecai Brown
79.4%
Texas Rangers
Kevin Brown
79.4%
Cleveland Indians
Bob Feller
79%
Toronto Blue Jays
Roy Halladay
78.6%
San Francisco Giants
Christy Mathewson
77.8%
Arizona Diamondbacks
Brandon Webb
77.4%
Los Angeles Dodgers
Clayton Kershaw
77.3%
Tampa Bay Rays
David Price
76.5%
Chicago Cubs
Fergie Jenkins
76.1%
Texas Rangers
Fergie Jenkins
76.1%
New York Mets
Dwight Gooden
75.3%
Seattle Mariners
Felix Hernandez
75.3%
San Diego Padres
Jake Peavy
73.7%
New York Yankees
Andy Pettitte
72.4%
Detroit Tigers
Jack Morris
71.2%
Seattle Mariners
Jamie Moyer
71.2%
Tampa Bay Rays
James Shields
71.2%
Miami Marlins
Dontrelle Willis
70.8%
Houston Astros
Roy Oswalt
70.4%
San Diego Padres
Randy Jones
70%
Texas Rangers
Kenny Rogers
69.1%
Washington Nationals
Steve Rogers
69.1%
St. Louis Cardinals
Adam Wainwright
68.2%
San Francisco Giants
Juan Marichal
67.5%
Los Angeles Dodgers
Don Sutton
67.1%
Philadelphia Phillies
Grover Alexander
67.1%
Toronto Blue Jays
Dave Stieb
66.7%
Oakland Athletics
Catfish Hunter
65%
Minnesota Twins
Bert Blyleven
64.6%
Team
Player
% Correct
Colorado Rockies
Ubaldo Jimenez
63.8%
Washington Nationals
Stephen Strasburg
63.6%
Chicago White Sox
Wilbur Wood
63.4%
Oakland Athletics
Lefty Grove
63%
Philadelphia Phillies
Robin Roberts
62.6%
Boston Red Sox
Tim Wakefield
61.7%
Milwaukee Brewers
Yovani Gallardo
60.9%
Los Angeles Angels
Jered Weaver
59.7%
New York Yankees
Lefty Gomez
58.4%
New York Mets
Sid Fernandez
56.8%
Boston Red Sox
Luis Tiant
56.4%
New York Yankees
Ron Guidry
56.4%
Washington Nationals
Max Scherzer
56%
Tampa Bay Rays
Scott Kazmir
55.6%
Los Angeles Angels
Chuck Finley
55.1%
Houston Astros
JR Richard
54.7%
Houston Astros
Mike Scott
54.3%
Detroit Tigers
Mickey Lolich
52.3%
Kansas City Royals
Kevin Appier
51.9%
New York Mets
Jerry Koosman
51.4%
Baltimore Orioles
Mike Cuellar
51%
Cleveland Indians
Bob Lemon
51%
Detroit Tigers
Hal Newhouser
48.6%
Baltimore Orioles
Dave McNally
48.1%
New York Mets
Ron Darling
47.3%
San Francisco Giants
Carl Hubbell
47.3%
Miami Marlins
AJ Burnett
46.9%
Cleveland Indians
Early Wynn
46.5%
Seattle Mariners
Mark Langston
46.1%
Colorado Rockies
Aaron Cook
45.3%
Atlanta Braves
Kid Nichols
44.4%
Milwaukee Brewers
Teddy Higuera
43.6%
Toronto Blue Jays
Jimmy Key
43.6%
San Francisco Giants
Mickey Welch
42.8%
Colorado Rockies
Jeff Francis
42.4%
Kansas City Royals
Dennis Leonard
42.4%
Los Angeles Angels
John Lackey
42%
Minnesota Twins
Jim Kaat
42%
Minnesota Twins
Brad Radke
42%
New York Yankees
Red Ruffing
42%
Oakland Athletics
Eddie Plank
41.6%
Texas Rangers
Charlie Hough
41.6%
Baltimore Orioles
Mike Flanagan
41.2%
Seattle Mariners
Freddy Garcia
40.7%
Toronto Blue Jays
Pat Hentgen
39.9%
Kansas City Royals
Mark Gubicza
38.7%
Kansas City Royals
Paul Splittorff
37%
Arizona Diamondbacks
Patrick Corbin
35.8%
Los Angeles Dodgers
Dazzy Vance
35.8%
Los Angeles Dodgers
Brickyard Kennedy
35.4%
Team
Player
% Correct
Arizona Diamondbacks
Zack Greinke
35%
Chicago White Sox
Ted Lyons
33.7%
Los Angeles Angels
Mike Witt
33.7%
Texas Rangers
Bobby Witt
33.7%
St. Louis Cardinals
Bob Forsch
32.9%
San Diego Padres
Eric Show
31.3%
Chicago White Sox
Ed Walsh
30.9%
Miami Marlins
Ricky Nolasco
30.9%
Houston Astros
Larry Dierker
30.5%
Cincinnati Reds
Eppa Rixey
29.6%
Pittsburgh Pirates
Bob Friend
28.8%
Colorado Rockies
Jorge De La Rosa
27.2%
Miami Marlins
Brad Penny
26.3%
Chicago White Sox
Billy Pierce
25.1%
Kansas City Royals
Larry Gura
25.1%
Oakland Athletics
Chief Bender
25.1%
Colorado Rockies
Jason Jennings
23.9%
Chicago White Sox
Red Faber
23.5%
Chicago Cubs
Charlie Root
22.6%
Milwaukee Brewers
Jim Slaton
22.6%
Milwaukee Brewers
Mike Caldwell
22.6%
Toronto Blue Jays
Jim Clancy
22.6%
Tampa Bay Rays
Alex Cobb
21.8%
Pittsburgh Pirates
Wilbur Cooper
20.6%
Washington Nationals
Gio Gonzalez
20.2%
San Diego Padres
Andy Ashby
19.3%
Cleveland Indians
Stan Coveleski
18.1%
Philadelphia Phillies
Chris Short
17.3%
Philadelphia Phillies
Curt Simmons
17.3%
San Francisco Giants
Amos Rusie
16.5%
Pittsburgh Pirates
Babe Adams
16%
San Diego Padres
Ed Whitson
15.6%
Cincinnati Reds
Bucky Walters
15.2%
St. Louis Cardinals
Jesse Haines
15.2%
Cleveland Indians
Mel Harder
14.8%
Detroit Tigers
Hooks Dauss
14%
Minnesota Twins
Camilo Pascual
14%
Boston Red Sox
Mel Parnell
12.3%
Milwaukee Brewers
Moose Haas
12.3%
Tampa Bay Rays
Chris Archer
11.9%
Cincinnati Reds
Tony Mullane
11.5%
Cincinnati Reds
Paul Derringer
11.5%
Cincinnati Reds
Dolf Luque
10.7%
Detroit Tigers
George Mullin
9.5%
Pittsburgh Pirates
Deacon Phillippe
8.6%
Pittsburgh Pirates
Sam Leever
8.2%
Oakland Athletics
Eddie Rommel
7%
Chicago Cubs
Larry Corcoran
3.7%
St. Louis Cardinals
Bill Doak
2.9%
Chicago Cubs
Bill Hutchison
2.1%
Quiz Playlist
Details
Report
Send in Message
Add To Playlist
Classic:
Type in answers that appear in a list
Last Updated: Feb 16, 2017
Quiz Scoreboard
CHALLENGE
Sign Up to Join the Scoreboard
Show All
Scores
Hide
Comments
May contain spoilers
Recently Published
1-10 Letter E Words III
by El_Dandy
Language
2m
Street Fighter Characters
by Artimus82
Gaming
60s
College Basketball Coaching Resumes
by pancakes188
Sports
9m
More to Explore
Quiz From the Vault
Featured Blog Post
Where Did the Easter Bunny Come From?
hide this ad
You Might Also Like...
Tags
This quiz does not have any tags.
Today's Top Quizzes in Sports
Browse Sports
hide this ad
Top Contributed Quizzes in Sports
1
2022 World Cup Stars
2
Les meilleurs buteurs des matchs entre le PSG et l’OM
3
FIFA Club World Cup Champions
4
Les entraîneurs de l'OM et du PSG au 21e siècle
5
Criteria MLB: Left Handed Sluggers
6
2023 MLB Unique Player Accomplishments
7
AFC Teams Reveal (Wrong Answers Minefield)
8
Players with Multiple 50 Home Run Seasons
9
5-to-1: FBS Animal Nicknames
10
5-to-1: UK Sports Teams
Explore More
Trending Topics
Crossword
Kpop
Marvel
Harry Potter
NBA
Anime
Disney
Song
The Office
Soccer
Puzzle
Pokémon
WWE
NFL
Country
hide this ad
More By:
TeresaaBabyyy92
Quiz
Plays
Rating
Category
Featured
Created
History of the WWE Intercontinental Championship
5,422
4.76
Sports
Dec 6, 2013
Top 5 Home Run Hitters for Each Team
5,089
4.70
Sports
Apr 24, 2014
History of the WWE Championship
3,325
4.78
Sports
Dec 7, 2013
History of the WWE United States Championship
2,029
5.00
Sports
Dec 5, 2013
History of the Big Gold Belt
1,623
4.85
Sports
Dec 28, 2013
Go to Creator's Profile
Score Distribution
Quiz Creator Spotlight
TeresaaBabyyy92
Follow
Send a Message
Quizzes Created
-
Created Quiz Play Count
-
More By This Creator
Popular Quizzes Today
1
Find the US States - No Outlines Minefield
2
Find the Countries of Europe - No Outlines Minefield
3
The Countries of the World
4
Find the US States
5
Risky Map Clicking: Biggest States A-Z
6
US States
7
Popular People in 1961
8
Movies - When Are They Set?
More Sports Quizzes
Premier League Teams By Wildlife Nickname
Curator's Pick
Trending Quizzes
Risky Map Clicking: Least Populous States A-Z
Billboard Blitz: Aretha Franklin
Famous Russians: Author or Composer?
Countries of the World: 200 Million BC
1-10 Letter G Words
Recently Updated
Leaping Animals
pecheneg
Reality TV Shows (A-Z)
bhenderson79
Rickey Henderson's Hall of Fame Teammates
pecheneg
Champions League XIs: Arsenal
pecheneg
Quick Pick: Celebrities in WWE's Hall of Fame
aduchscher
A-Z Keypad Blitz II
pecheneg
Multiple Oscar Actors
pecheneg
Mystery Phrase Blitz: Oscar 'Best Actors'
pecheneg
F. Scott Fitzgerald Novels
LTH
Pick 3 Villains
ddd62291
Trending Topics
Harry Potter
Anime
Crossword
NBA
Kpop
Disney
Marvel
Song
NFL
Country
WWE
Pokémon
Soccer
The Office
Puzzle
Your Account Isn't Verified!
In order to create a playlist on Sporcle, you need to verify the email address you used during registration. Go to your
Sporcle Settings
to finish the process.
Report this User
Report this user for behavior that violates our
Community Guidelines
.
Details:
Send Report
Go to the Sporcle.com Mobile Site →
Comments